| 000 | 00640nam a22002057a 4500 | ||
|---|---|---|---|
| 999 |
_c16497 _d16497 |
||
| 003 | AR-CdUCM | ||
| 008 | 190503b ||||| |||| 00| 0 spa d | ||
| 020 | _a84-8280-800-1 | ||
| 040 |
_aMUNICIPALIDAD PROVINCIAL DEL CUSCO _cBIBLIOTECA MUNICIPAL DEL CUSCO |
||
| 082 |
_a808 / _bON52 |
||
| 100 |
_aOnetti, Juan Carlos _995 |
||
| 245 | _aJuntacadaveres El astillero / | ||
| 260 |
_aColombia : _bLa oveja negra, _c1964. |
||
| 300 |
_a392 paginas ; _bilustraciones, graficos, dibujos, _c20 cm. |
||
| 500 | _aHistoria y literatura | ||
| 650 |
_aHistoria _9136 |
||
| 650 |
_aLiteratura _983 |
||
| 942 |
_2ddc _cLIBROS |
||
| 945 |
_apjha _d2019-05-03 |
||